书目信息 |
| 题名: |
中国高水平女子投掷选手全程性多年训练方法学体系
|
|
| 作者: | 李晓慧 著 | |
| 分册: | ||
| 出版信息: | 北京 北京体育大学出版社 2017 |
|
| 页数: | 191页 | |
| 开本: | 24cm | |
| 丛书名: | 中国体育博士论丛 | |
| 单 册: | ||
| 中图分类: | G824.02 | |
| 科图分类: | ||
| 主题词: | 投掷项目--女子项目--运动训练--研究--中国 | |
| 电子资源: | ||
| ISBN: | 978-7-5644-2309-4 | |
| 000 | 01175oam2 2200241 450 | |
| 001 | 3541 | |
| 005 | 20180527164513.80 | |
| 010 | @a978-7-5644-2309-4@dCNY45.00 | |
| 100 | @a20171018d2017 em y0chiy50 ea | |
| 101 | 0 | @achi@deng |
| 102 | @aCN@b110000 | |
| 105 | @aak z 000yy | |
| 200 | 1 | @a中国高水平女子投掷选手全程性多年训练方法学体系@9zhong guo gao shui ping nv zi tou zhi xuan shou quan cheng xing duo nian xun lian fang fa xue ti xi@f李晓慧著 |
| 210 | @a北京@c北京体育大学出版社@d2017 | |
| 215 | @a191页@c图@d24cm | |
| 225 | 2 | @a中国体育博士论丛 |
| 330 | @a本书运用文献资料法、专家访谈法、问卷调查法、数理统计等方法,选取我国现役及退役的高水平女子投掷选手(达奥运会A组报名标准者共90人)为研究对象。从优秀运动员竞技能力目标的建立,运动员多年训练过程的基本结构,运动训练负荷及运动训练方法与手段中的若干重要特征这样四个方面,构建中国高水平女子投掷运动员全程性多年训练的方法学体系,以期为我国投掷运动专项训练理论的丰富与完善作出自己的努力。 | |
| 461 | 0 | @12001 @a中国体育博士论丛 |
| 606 | 0 | @a投掷项目@x女子项目@x运动训练@x研究@y中国 |
| 690 | @aG824.02@v5 | |
| 701 | 0 | @a李晓慧@9Li Xiao Hui@f(1957-)@4著 |
| 801 | 0 | @aCN@b91MARC@c20171018 |
| 905 | @aMuseLib@dG824.02@e139 | |
| 中国高水平女子投掷选手全程性多年训练方法学体系/李晓慧著.-北京:北京体育大学出版社,2017 |
| 191页:图;24cm.-(中国体育博士论丛) |
| ISBN 978-7-5644-2309-4:CNY45.00 |
| 本书运用文献资料法、专家访谈法、问卷调查法、数理统计等方法,选取我国现役及退役的高水平女子投掷选手(达奥运会A组报名标准者共90人)为研究对象。从优秀运动员竞技能力目标的建立,运动员多年训练过程的基本结构,运动训练负荷及运动训练方法与手段中的若干重要特征这样四个方面,构建中国高水平女子投掷运动员全程性多年训练的方法学体系,以期为我国投掷运动专项训练理论的丰富与完善作出自己的努力。 |
| ● |
| 相关链接 |
|
|
|
|
正题名:中国高水平女子投掷选手全程性多年训练方法学体系
索取号:G824.02/139
 
预约/预借
| 序号 | 登录号 | 条形码 | 馆藏地/架位号 | 状态 | 备注 |
| 1 | 1109612 | 211096124 | 第一样本阅览室/ [索取号:G824.02/139] | 在馆 | |
| 2 | 1109613 | 211096133 | 教育系资料室/ [索取号:G824.02/139] | 在馆 | |
| 3 | 1109614 | 211096142 | 教育系资料室/ [索取号:G824.02/139] | 在馆 | |
| 4 | 1109615 | 211096151 | 第四借阅区/ [索取号:G824.02/139] | 在馆 |